000 00366nam a2200133Ia 4500
008 151001s9999||||xx |||||||||||||| ||und||
100 _aprabal kumar basu
245 _aof lonely rocks and upright trees
250 _a1
260 _bubs publishing
260 _c2006
300 _a77
365 _b21
999 _c988059
_d988056